Rights, shares and claims: (Record no. 4967)

MARC details
000 -LEADER
fixed length control field 00578nam a2200193 4500
008 - FIXED-LENGTH DATA ELEMENTS--GENERAL INFORMATION
fixed length control field 240908b |||||||| |||| 00| 0 eng d
082 ## - DEWEY DECIMAL CLASSIFICATION NUMBER
Classification number 305.48
Item number RIG
942 ## - ADDED ENTRY ELEMENTS (KOHA)
Item Type Reports
700 ## - ADDED ENTRY--PERSONAL NAME
Personal name Paro, Chaujar
700 ## - ADDED ENTRY--PERSONAL NAME
Personal name Alam, Rita
700 ## - ADDED ENTRY--PERSONAL NAME
Personal name Rajan, Anuradha
700 ## - ADDED ENTRY--PERSONAL NAME
Personal name Javeed, Sarah
700 ## - ADDED ENTRY--PERSONAL NAME
Personal name Menon, Deepthy
245 ## - TITLE STATEMENT
Title Rights, shares and claims:
Sub Title realising women's rights in South Asia 2011-2012
260 ## - PUBLICATION, DISTRIBUTION, ETC. (IMPRINT)
Place of Publication Colombo:
Name of Publisher South Asia Women's Fund;
Date of Copyright 2012
650 ## - SUBJECT ADDED ENTRY--TOPICAL TERM
Topical Term WOMEN'S RIGHTS - South Asia
650 ## - SUBJECT ADDED ENTRY--TOPICAL TERM
Topical Term Equality - South Asia
650 ## - SUBJECT ADDED ENTRY--TOPICAL TERM
Topical Term Women's Labor - South Asia
Holdings
Withdrawn status Lost status Source of classification or shelving scheme Damaged status Not for loan Permanent location Current location Date acquired Total Checkouts Full call number Barcode Date last seen Price effective from Koha item type
    Dewey Decimal Classification     Resource center, Muslim Women's Research And Action Forum Resource center, Muslim Women's Research And Action Forum 2024-09-08   305.48 RIG RAF5355 2024-09-08 2024-09-08 Reports

Copyright © 2023 Muslim Women's Research and Action Forum (MWRAF), No 27/3, Anderson Road, Kalubowila, Dehiwela. Funded by The Asia Fundation